| 000 | 00845cab a2200277 4500 | ||
|---|---|---|---|
| 001 | WB3005-19 | ||
| 008 | 090401t1994 xxu||||| |||| 00| 0 eng d | ||
| 035 | _a(Sirsi) u62198 | ||
| 041 | _aeng | ||
| 245 | _aRecovery is still out of reach | ||
| 260 | _c1994 | ||
| 350 | _a0 | ||
| 490 |
_aDaily Telegraph _v2 February 1994, 29(2) |
||
| 520 | _aWith conflicting signals on the strength of the housing market, homeowners wishing to sell have difficulty pricing their property. | ||
| 650 | _aCORPORATE ESTATE AGENTS PROPERTY INDEX | ||
| 650 | _aDISPOSABLE INCOME | ||
| 650 | _aESTATE AGENCY | ||
| 650 | _aHOUSE PRICES | ||
| 650 | _aHOUSING MARKET | ||
| 650 | _aMORTGAGES | ||
| 650 | _aRECOVERY | ||
| 650 | _aTSB INDEX | ||
| 690 | _aPROPERTY-RESIDENTIAL PROPERTY-RESIDENTIAL PROPERTY MARKET | ||
| 942 | _n0 | ||
| 948 | _c04/03/1997 | ||
| 999 |
_c38644 _d38644 |
||